[Event "FRM-chT"]
[Site "Struga"]
[Date "2018.08.11"]
[Round "1.3"]
[White "Stefanovski, Dushan"]
[Black "Nedev, Trajce"]
[Result "1-0"]
[WhiteElo "2279"]
[BlackElo "2502"]
[PlyCount "99"]
[EventDate "2018.08.11"]
[EventType "team-tourn"]
[EventRounds "7"]
[EventCountry "MKD"]
[SourceTitle "CBM 186 Extra"]
[Source "ChessBase"]
[SourceDate "2018.08.24"]
[SourceVersion "1"]
[SourceVersionDate "2018.08.24"]
[SourceQuality "1"]
[WhiteTeam "Gostivar"]
[BlackTeam "Skopje Alkaloid"]
[WhiteTeamCountry "MKD"]
[BlackTeamCountry "MKD"]

1. Nf3 Nf6 2. c4 g6 3. g3 Bg7 4. Bg2 0-0 5. 0-0 d6 6. Nc3 e5 7. d3 c6 8. h3 Re8 9. Qc2 Na6 10. Rb1 Nc7 11. e4 a6 12. Be3 Nd7 13. d4 exd4 14. Nxd4 Ne5 15. b3 c5 16. Nde2 Nc6 17. Rbd1 Ne6 18. Nd5 Ned4 19. Nxd4 Nxd4 20. Bxd4 Bxd4 21. Kh2 Be6 22. Nf4 Qe7 23. Ne2 Bg7 24. Rfe1 b5 25. e5 dxe5 26. Bxa8 Rxa8 27. Qe4 Rc8 28. Nc3 f5 29. Qe2 bxc4 30. bxc4 Qf7 31. Nd5 h5 32. Rb1 Rc6 33. Red1 h4 34. Qf3 hxg3+ 35. fxg3 Rc8 36. Rb7 e4 37. Qb3 Qe8 38. Ne7+ Kf8 39. Nxc8 Bxc8 40. Qb6 Bxb7 41. Rd8 Bc6 42. Qxc5+ Kg8 43. Rxe8+ Bxe8 44. Qe7 Bf7 45. c5 Bf8 46. Qe5 Bg7 47. Qb8+ Kh7 48. Qb7 Bxa2 49. Qxa6 Bb1 50. c6 1-0

[Event "Skopje Mitrov Tikata Memorial"]
[Site "Skopje"]
[Date "2015.11.08"]
[Round "3"]
[White "Stefanovski, Dushan"]
[Black "Pancevski, Filip"]
[Result "0-1"]
[WhiteElo "2300"]
[BlackElo "2497"]
[PlyCount "58"]
[EventDate "2015.11.08"]
[EventType "swiss (rapid)"]
[EventRounds "9"]
[EventCountry "MKD"]
[SourceTitle "CBM 169 Extra"]
[Source "ChessBase"]
[SourceDate "2015.12.18"]
[SourceVersion "1"]
[SourceVersionDate "2015.12.18"]
[SourceQuality "1"]

1. e4 g6 2. d4 Bg7 3. Nc3 a6 4. a4 d6 5. Nf3 Bg4 6. Be2 Nc6 7. Be3 Nf6 8. d5 Bxf3 9. Bxf3 Ne5 10. Be2 c6 11. f4 Ned7 12. dxc6 bxc6 13. Bf3 0-0 14. 0-0 Rb8 15. Ra2 Qa5 16. Qd2 Rfc8 17. Rd1 h5 18. h3 Ne8 19. e5 Nb6 20. exd6 Nxd6 21. Ne4 Qxd2 22. Nxd2 Nd5 23. Bxd5 cxd5 24. b3 Rc3 25. Bf2 Rbc8 26. Nf3 e6 27. Rd2 Ne4 28. Re2 Rxf3 29. gxf3 Nc3 0-1

[Event "FRM-chT 24th"]
[Site "Struga"]
[Date "2015.07.24"]
[Round "5"]
[White "Stefanovski, Dushan"]
[Black "Tomashevsky, Evgeny"]
[Result "0-1"]
[WhiteElo "2324"]
[BlackElo "2745"]
[PlyCount "73"]
[EventDate "2015.07.20"]
[EventType "team-tourn"]
[EventRounds "7"]
[EventCountry "MKD"]
[SourceTitle "CBM 167 Extra"]
[Source "ChessBase"]
[SourceDate "2015.09.14"]
[SourceVersion "1"]
[SourceVersionDate "2015.09.14"]
[SourceQuality "1"]
[WhiteTeam "Gostivar"]
[BlackTeam "Skopje Alkaloid"]
[WhiteTeamCountry "MKD"]
[BlackTeamCountry "MKD"]

1. e4 c6 2. Nc3 d5 3. Nf3 Bg4 4. Be2 e6 5. d4 Be7 6. h3 Bh5 7. Be3 Nf6 8. Nd2 Bg6 9. e5 Nfd7 10. 0-0 c5 11. f4 cxd4 12. Bxd4 Nc6 13. Bf2 0-0 14. Nb3 a6 15. Bg4 Rc8 16. a3 Nb6 17. Ne2 Na4 18. Ra2 Nxe5 19. Nbd4 Nxg4 20. hxg4 Be4 21. Ng3 Qc7 22. Qd2 b5 23. Re1 Rfd8 24. Nxe4 dxe4 25. Rxe4 Qc4 26. b3 Qc3 27. Qe1 Qxe1+ 28. Rxe1 Nc3 29. Raa1 Bf6 30. Nf3 Ne2+ 31. Rxe2 Bxa1 32. Bb6 Rd6 33. Ba5 h6 34. f5 exf5 35. gxf5 Rd5 36. Bb4 Rxf5 37. Re1 0-1

[Event "FRM-chT 24th"]
[Site "Struga"]
[Date "2015.07.22"]
[Round "3"]
[White "Stefanovski, Dushan"]
[Black "Petrov, Georgi"]
[Result "0-1"]
[WhiteElo "2324"]
[BlackElo "2227"]
[PlyCount "85"]
[EventDate "2015.07.20"]
[EventType "team-tourn"]
[EventRounds "7"]
[EventCountry "MKD"]
[SourceTitle "CBM 167 Extra"]
[Source "ChessBase"]
[SourceDate "2015.09.14"]
[SourceVersion "1"]
[SourceVersionDate "2015.09.14"]
[SourceQuality "1"]
[WhiteTeam "Gostivar"]
[BlackTeam "Bitola Noemvri"]
[WhiteTeamCountry "MKD"]
[BlackTeamCountry "MKD"]

1. e4 c5 2. Nf3 Nc6 3. d3 g6 4. g3 Bg7 5. Bg2 d6 6. 0-0 h5 7. c3 Bg4 8. h3 Bxf3 9. Qxf3 Nf6 10. Bg5 Qb6 11. Qe2 0-0 12. Qc2 Rab8 13. Nd2 Qa6 14. Rfe1 b5 15. Be3 Rfc8 16. f4 b4 17. Bf2 bxc3 18. bxc3 e6 19. Rab1 Ne7 20. Rxb8 Rxb8 21. Rb1 Rxb1+ 22. Qxb1 Nd7 23. d4 cxd4 24. cxd4 d5 25. e5 Nc6 26. Bf1 Qa5 27. Nf3 Qc3 28. Kg2 Nb6 29. Qb5 Bf8 30. Qa6 Qa3 31. Qb7 Ne7 32. Qa6 Nc6 33. Qxa3 Bxa3 34. Bb5 Nb4 35. Ng5 Kf8 36. Nh7+ Kg7 37. Ng5 Nxa2 38. Be1 Be7 39. Nf3 Bb4 40. Bf2 a5 41. g4 hxg4 42. hxg4 Nc3 43. Bh4 0-1

[Event "FRM-chT 24th"]
[Site "Struga"]
[Date "2015.07.21"]
[Round "2"]
[White "Bogdanovski, Pece"]
[Black "Stefanovski, Dushan"]
[Result "1/2-1/2"]
[WhiteElo "1940"]
[BlackElo "2324"]
[PlyCount "62"]
[EventDate "2015.07.20"]
[EventType "team-tourn"]
[EventRounds "7"]
[EventCountry "MKD"]
[SourceTitle "CBM 167 Extra"]
[Source "ChessBase"]
[SourceDate "2015.09.14"]
[SourceVersion "1"]
[SourceVersionDate "2015.09.14"]
[SourceQuality "1"]
[WhiteTeam "Bitola Stevo Patako"]
[BlackTeam "Gostivar"]
[WhiteTeamCountry "MKD"]
[BlackTeamCountry "MKD"]

1. c4 Nf6 2. Nc3 e6 3. e4 c5 4. Nf3 Nc6 5. Be2 d5 6. cxd5 exd5 7. exd5 Nxd5 8. d4 cxd4 9. Nxd4 Nxc3 10. bxc3 Nxd4 11. Qxd4 Qxd4 12. cxd4 Bb4+ 13. Bd2 Bxd2+ 14. Kxd2 Be6 15. Rhd1 0-0-0 16. Ke1 Rd6 17. Rac1+ Kb8 18. Rc2 Rhd8 19. Rcd2 Bd5 20. f3 f5 21. Kf2 f4 22. Bd3 Bc6 23. Be4 Bd5 24. Re1 g6 25. Bxd5 Rxd5 26. Re4 g5 27. h4 h6 28. hxg5 hxg5 29. g3 Rf8 30. Re5 Rfd8 31. Re4 Rf8 1/2-1/2